فکر رسا (Record no. 1549)

MARC details
000 -LEADER
fixed length control field 00968 a2200253 4500
005 - DATE AND TIME OF LATEST TRANSACTION
control field 20081103112126.0
008 - FIXED-LENGTH DATA ELEMENTS--GENERAL INFORMATION
fixed length control field 081103t xxu||||| |||| 00| 0 urd d
010 ## - LCCN (DPL NO)
LC control number UR-7285
020 ## - INTERNATIONAL STANDARD BOOK NUMBER
Terms of availability 100.00
035 ## - SYSTEM CONTROL NUMBER
System control number U-5840
037 ## - SOURCE OF ACQUISITION
Source of stock number/acquisition D.B.Act / pub
082 ## - DEWEY DECIMAL CLASSIFICATION NUMBER
Classification number 841
100 ## - MAIN ENTRY--PERSONAL NAME
Personal name ‏‏‏عثما نی محمد محبوب افسر
245 ## - TITLE STATEMENT
Title فکر رسا
Statement of responsibility, etc عثما نی محمد محبوب افسر
246 ## - VARYING FORM OF TITLE
Title proper/short title Fikr-e- rasa
Remainder of title by Afsar Osmani
260 ## - PUBLICATION, DISTRIBUTION, ETC. (IMPRINT)
Place of publication, distribution, etc کر يم نگر
Name of publisher, distributor, etc حا مد پبليکيشنس
Date of publication, distribution, etc 2005ء
270 ## - ADDRESS
Address مکا ن نمبر 5359،احمد پورہ،
City کريم نگر
Postal code 505001
Telephone number 0878-2245202
300 ## - PHYSICAL DESCRIPTION
Extent 186 ص
Dimensions 22سينٹی ميٹر
650 ## - SUBJECT ADDED ENTRY--TOPICAL TERM
Topical term or geographic name as entry element شا عری
650 ## - SUBJECT ADDED ENTRY--TOPICAL TERM
Topical term or geographic name as entry element شا عری
700 ## - ADDED ENTRY--PERSONAL NAME
Personal name حا مد پبليکيشنس
942 ## - ADDED ENTRY ELEMENTS (KOHA)
Institution code [OBSOLETE] dpl
Item type Urdu Bks
Call number prefix
Source of classification or shelving scheme Dewey Decimal Classification
Classification part 841
Call number suffix ع ث م
Holdings
Withdrawn status Lost status Source of classification or shelving scheme Damaged status Not for loan Collection code Home library Current library Date acquired Cost, normal purchase price Total Checkouts Full call number Barcode Date last seen Cost, replacement price Koha item type
    Dewey Decimal Classification   Not For Loan Non-fiction D.B.Act.Division D.B.Act.Division 03/11/2008 100.00   841 ع ث م U-5840 15/09/2008 100.00 Urdu Bks

© Delhi Public Library
Hit Counter
free hit counter